000
00294nam a2200121Ia 4500
008
190216s9999||||xx |||||||||||||| ||und||
100
_a
Belikov
245
0
_a
General Methods For Solving Physics Problems
260
_b
Mir Publishers
_c
1989
300
_a
295p
650
_a
Physics
942
_c
BK
999
_c
33200
_d
33200